| 000 | 00571nam a2200229Ia 4500 | ||
|---|---|---|---|
| 008 | 181129s9999 xx 000 0 und d | ||
| 020 | _a9781848667068 | ||
| 050 | _a530 | ||
| 050 | _bB174 2007 | ||
| 100 | _aBaker, Joanne | ||
| 245 | 0 | _a50 ideas you really need to know physics / | |
| 245 | 0 | _cby Joanne Baker. | |
| 260 | _aLondon, England : | ||
| 260 | _bQuercus Editions Ltd., | ||
| 260 | _c2007 | ||
| 300 | _a208 pages : | ||
| 300 | _bcolor illustrations ; | ||
| 300 | _c20cm. | ||
| 650 | _aPhysics -- | ||
| 650 | _xPopular works. | ||
| 700 | _aTitle. | ||
| 999 |
_c360176 _d360176 |
||